00633nam a22001937a 4500003000800000008004100008020001800049037000800067040002600075041000800101080001000109245008100119260002600200300002300226440005700249504001400306650003900320650008000359BI-BuBU131206t2011 rw ||||dr|||| 000 0 fre d a9789970191420 bDon aBI-BuBUbfrecBI-BuBU 0afre a82-8200aEmergencesbrenaître ensemble : anthologiecintrod. de Boubacar Boris Diop aKigalibSemburac2011 aXIX-276 P.c21 cm. 0aPlateforme des écrivains des grands lacs africains aBibliogr. 72BI-BuBUaAnthologiexLittérature 72BI-BuBUaEcrivainxPlateforme (Sembura)zAfrique (Région des grands lacs)